|
|
|
|
| LEADER |
00000nam0a2200000 4500 |
| 001 |
214504 |
| 005 |
20231101225908.0 |
| 010 |
|
|
|a 9785932959732
|
| 035 |
|
|
|a (RuTPU)RU\TPU\book\234376
|
| 090 |
|
|
|a 214504
|
| 100 |
|
|
|a 20120425d2012 k y0rusy50 ca
|
| 101 |
0 |
|
|a rus
|
| 102 |
|
|
|a RU
|
| 105 |
|
|
|a y z 001zy
|
| 200 |
1 |
|
|a Обеспечение национальных интересов Российской Федерации в информационной сфере: правовой аспект
|e монография
|f Н. Н. Куняев
|
| 210 |
|
|
|a Москва
|c Юрлитинформ
|d 2012
|
| 215 |
|
|
|a 332 с.
|
| 225 |
1 |
|
|a Теория и история государства и права
|
| 320 |
|
|
|a Библиогр.: с. 277-330.
|
| 330 |
|
|
|a В монографии осуществлено комплексное исследование теоретических и практических проблем правового обеспечения национальных интересов Российской Федерации в информационной сфере. В ней предлагается и научно аргументируется концепция правового обеспечения национальных интересов Российской Федерации в информационной сфере, которая разрабатывается исходя из анализа информационной сферы как объекта правового регулирования, наличия новых технических средств и телекоммуникационных возможностей личности, общества и государства. Раскрываются правовые механизмы реализации конкретных интересов личности, общества и государства. Определяются направления развития правового обеспечения национальных интересов Российской Федерации в информационной сфере и правового регулирования свободы информации в соотношении с информационной безопасностью Российской Федерации.Для студентов, аспирантов, преподавателей, научных и практических работников в сфере национальной безопасности и информационного права.
|
| 606 |
1 |
|
|a Информационное право
|2 stltpush
|3 (RuTPU)RU\TPU\subj\68367
|9 83753
|
| 610 |
1 |
|
|a право
|
| 610 |
1 |
|
|a административное право
|
| 610 |
1 |
|
|a Российская Федерация
|
| 610 |
1 |
|
|a информация
|
| 610 |
1 |
|
|a информационная безопасность
|
| 610 |
1 |
|
|a информационная сфера
|
| 610 |
1 |
|
|a национальные интересы
|
| 610 |
1 |
|
|a защита
|
| 610 |
1 |
|
|a общество
|
| 610 |
1 |
|
|a личность
|
| 610 |
1 |
|
|a правовое обеспечение
|
| 610 |
1 |
|
|a государство
|
| 610 |
1 |
|
|a монографии
|
| 686 |
|
|
|a Х621.114
|v LBC/SL-A
|2 rubbk
|
| 700 |
|
1 |
|a Куняев
|b Н. Н.
|g Николай Николаевич
|
| 801 |
|
1 |
|a RU
|b 63413507
|c 20120425
|
| 801 |
|
2 |
|a RU
|b 63413507
|c 20131126
|g RCR
|
| 942 |
|
|
|c BK
|
| 959 |
|
|
|a 66/20120425
|d 1
|e 426,44
|f ЧЗГЛ:1
|